00380nam a22001457a 450000500170000001000130001702000260003003500130005603700140006908200130008310000160009624500690011226000310018130000220021220181124132553.0 aB-227330 a9788180520983c195.00 aB-227330 bAne Books a658.3124 aDeb, Tapomy aTraining and development:bconcept and application/cTapomoy Deb aNew DelhibAne Booksc2006 a241p.c23 cm(Pbk)